| 000 | 00651nam a22002057a 4500 | ||
|---|---|---|---|
| 003 | OSt | ||
| 005 | 20140310182403.0 | ||
| 008 | 131002t xxu||||| |||| 00| 0 eng d | ||
| 020 | _a0070516340 | ||
| 050 |
_aQ 164 _b.W69 1995 |
||
| 082 |
_aGS 507.8 _bW85 1995c |
||
| 100 |
_aWood, Robert W . _921854 |
||
| 245 |
_aWho? : _bfamous experiments for the young scientist / _cRobert W .Wood ; illustrated by Steve Hoeft. |
||
| 260 |
_aNew York : _bTAB Books, _c1995 |
||
| 300 |
_a127 p. : _bill. ; _c27 cm. |
||
| 650 |
_aScience _xExperiments _xHistory _922761 |
||
| 650 |
_aEngineering _xExperiments _xHistory _922762 |
||
| 942 |
_2lcc _cGLT |
||
| 999 |
_c12642 _d12642 |
||